Southville International School and Colleges
Your cart is empty.
  • Cart
  • Lists
    Public lists Eva Luna New books Lux_list list_1
    Your lists Log in to create your own lists
  • Log in to your account
  • Your cookies
  • Search history
Southville International School and Colleges
  • Advanced search
  • Recent comments
  • Most popular
  • Libraries

Log in to your account

Log in with GOOGLE


If you do not have an external account, but do have a local account, you can still log in:

  1. Home
  2. MARC view: Electricity /
Normal view MARC view ISBD view

Electricity / (Record no. 112413)

[ view plain ]
MARC details
000 -LEADER
fixed length control field 00509nam a2200157 a 4500
005 - DATE AND TIME OF LATEST TRANSACTION
control field 20140414131935.0
008 - FIXED-LENGTH DATA ELEMENTS--GENERAL INFORMATION
fixed length control field 110119s19uu xx 00 eng d
050 ## - LIBRARY OF CONGRESS CALL NUMBER
Classification number REF 537
Item number P22 2000
100 ## - MAIN ENTRY--PERSONAL NAME
Personal name Parker, Steve, 1952-
245 ## - TITLE STATEMENT
Title Electricity /
Statement of responsibility, etc written by Steve Parker.
260 ## - PUBLICATION, DISTRIBUTION, ETC. (IMPRINT)
Place of publication, distribution, etc London ; New York :
Name of publisher, distributor, etc Dorling Kindersley,
Date of publication, distribution, etc c2000.
520 ## - SUMMARY, ETC.
Summary, etc Discusses the properties of electricity and describes how it is made and used.
650 ## - SUBJECT ADDED ENTRY--TOPICAL TERM
Topical term or geographic name as entry element Electricity.
650 ## - SUBJECT ADDED ENTRY--TOPICAL TERM
Topical term or geographic name as entry element Electric power.
Holdings
Withdrawn status Lost status Damaged status Home library Current library Shelving location Date acquired Total Checkouts Full call number Barcode Date last seen Price effective from Koha item type
      Munich Library Munich Library Reference Section 01/19/2011   REF 537 P22 2000 M3705 04/14/2014 04/14/2014 Books

Electricity /

APA

Parker S. 1., . (2000). Electricity. London ; New York: Dorling Kindersley.

Chicago

Parker Steve 1952, . 2000. Electricity. London ; New York: Dorling Kindersley.

Harvard

Parker S. 1., . (2000). Electricity. London ; New York: Dorling Kindersley.

MLA

Parker Steve 1952, . Electricity. London ; New York: Dorling Kindersley. 2000.

  • Place hold
  • Print
  • Cite
  • Add to your cart (remove)
  • Save record
    BIBTEX Dublin Core MARCXML MARC (non-Unicode/MARC-8) MARC (Unicode/UTF-8) MARC (Unicode/UTF-8, Standard) MODS (XML) RIS
  • More searches
    Search for this title in:
    Other Libraries (WorldCat) Other Databases (Google Scholar) Online Stores (Bookfinder.com) Open Library (openlibrary.org)

Exporting to Dublin Core...

SOUTHVILLE LIBRARY

Southville International School and Colleges Library

1281 Tropical Ave. Cor. Luxembourg St., BF Homes International, Las Pinas City

Tel. No. 8256374 / 252358 Loc. 117/146

Powered by Koha